Normal view
MARC view
- Lingaiah, K.
Entry Personal Name
001 - CONTROL NUMBER
- control field: 10011
003 - CONTROL NUMBER IDENTIFIER
- control field: NUST
005 - DATE AND TIME OF LATEST TRANSACTION
- control field: 20180223050959.0
008 - FIXED-LENGTH DATA ELEMENTS
- fixed length control field: 180223|| aca||aabn | a|a d
040 ## - CATALOGING SOURCE
- Original cataloging agency: NUST
- Transcribing agency: NUST
100 ## - HEADING--PERSONAL NAME
- Personal name: Lingaiah, K.
670 ## - SOURCE DATA FOUND
- Source citation: Work cat.: (NUST): Lingaiah, K., Machine Design Databook /, 2003.
